The new alchemists : Silicon Valley and the microelectronics revolution

Đã lưu trong:
書目詳細資料
主要作者: Hanson, Dirk
格式: 圖書
語言:Undetermined
出版: Boston Little, Brown 1982
主題:
標簽: 添加標簽
沒有標簽, 成為第一個標記此記錄!
Thư viện lưu trữ: Trung tâm Học liệu Trường Đại học Cần Thơ
LEADER 00578nam a2200217Ia 4500
001 CTU_97831
008 210402s9999 xx 000 0 und d
082 |a 338.4 
082 |b H251 
100 |a Hanson, Dirk 
245 4 |a The new alchemists : 
245 0 |b Silicon Valley and the microelectronics revolution 
245 0 |c Dirk Hanson 
260 |a Boston 
260 |b Little, Brown 
260 |c 1982 
650 |a Microelectronics industry 
650 |x History 
650 |z California 
904 |i M.Loan 
980 |a Trung tâm Học liệu Trường Đại học Cần Thơ